000 00294 a2200157 4500
001 160527
020 _a
040 _cMagnum
100 _aBraido, Eunice
240 1 0 _aO aco/ftd
_lpor
245 1 0 _aO aco/ftd
362 0 _a1899
440 1 _aFTD
697 _aPARADIDATICO
942 _cBK
999 _c160527
_d160527